000 00869cam a2200229 a 4500
001 000008243
005 20240306073909.0
008 751125s1953 cu 000 e spa c
040 _aDO-SdBNP
_cFU
_dDLC
082 _aCu864.2
_bM378h
100 1 _aMartí, José,
_d1853-1895
_9645
245 1 0 _aHispanoamericanos. /
_cJosé Martí ; prólogo por Manuel I. Mesa Rodríguez.
260 _aHabana,(Cuba) :
_bOficina del Historiador de la Ciudad,
_c1953.
300 _a127 p. ;
_c23cm.
490 1 _aColección del centenario de Martí
_v4
651 4 _aAmerica Latina
_xVida Social Y Costumbres
_922357
651 4 _aAmerica Latina
_xPolítica Y Gobierno
_92618
651 4 _aAmérica Latina
_vBIOGRAFÍA
_922358
700 1 _aMesa Rodríguez, Manuel I.,
_epról.
_922359
830 0 _aColección del centenario de Martí ;
_v4
_922360
910 _aCatalogación por copia / LC
999 _c8014
_d8014